LEADER 01273nam a2200277 4500 001 000000337960 003 CaOOAMICUS 005 20191212183153.0 008 191112s2016 it a 000 u ita r 020 $a978-88-580-1604-6 040 $aSeMil$bita 240 10$aGreat city maps.$0(OLS)http://semarc/title/426869 245 10$aGrandi mappe di cittą :$boltre 70 capolavori che riflettono le aspirazioni e la storia dell'uomo. 264 1$aLondon :$bDorling Kindersley ;$aMilano :$bGribaudo,$c2016. 300 $a256 p. :$bill. ;$c31 cm 541 1 $aFondo mons. Mario Delpini 650 4$aGeografia politica - Mappe.$0(OLS)http://semarc/subject/48867 650 4$aGeografia politica.$0(OLS)http://semarc/subject/16632 850 $aSeMil 852 $aSeMil$W1$xVenegono$y1$m4Y VII 180$j219208$B229355$CSeMilBibl$Z2$F229355 $81 941 1 $a7 996 $6020$a978-88-580-1604-6$9(OLS)http://semarc/number/289202 996 $6245$aGrandi mappe di cittą :$boltre 70 capolavori che riflettono le aspirazioni e la storia dell'uomo$9(OLS)http://semarc/title/426870 996 $6264$aLondon :$bDorling Kindersley$9(OLS)http://semarc/publisher/56674 996 $6264$aMilano :$bGribaudo$9(OLS)http://semarc/publisher/58685 LEADER 00783nam a2200217 i 4500 001 000000242350 003 CaOOAMICUS 005 20150604000000.0 008 150604s1995 it u000 u ita u 013 $a221255 040 $aSeMil$bita 245 10$aNazaret. 250 $a2. edizione, ristampa 1997. 260 $aJerusalem :$bFranciscan Printing Press,$c1995. 300 $a103 p. :$bill. ;$c21 cm. 500 $aIn testa al front : Luoghi santi della Palestina. 650 4$aNazareth.$0(OLS)http://semarc/subject/249 850 $aSeMil 852 $aSeMil$W1$xVenegono$y1$m5B III 19/7$j192696$B192696$CSeMilBibl$Z2$F203502 $81 996 $6245$aNazaret$9(OLS)http://semarc/title/128493 996 $6260$aJerusalem :$bFranciscan Printing Press$9(OLS)http://semarc/publisher/31947 LEADER 01486nam a2200301 i 4500 001 000000256091 003 CaOOAMICUS 005 20240325164405.0 008 171107s2012 it u000 u ita u 013 $a234999 020 $a978-88-6019-521-0 040 $aSeMil$bita 245 10$aTheilhard de Chardin pensatore universale :$bun bilancio del cinquantenario (1955-2005) : atti del Convegno : Pisa, 1-2 dicembre 2006 /$c; a cura di Valeria Cresti, Ludovico Galleni, Silvana Procacci. 260 $aGhezzano (PI) :$bFelici,$c2012. 300 $a225 p. ;$c21 cm. 490 0 $aAttrezzi per il dialogo ;$v2 600 14$aTeilhard de Chardin, Pierre .$0(OLS)http://semarc/subject/2657 700 1 $aCresti, Valeria.$0(OLS)http://semarc/name/94630 700 1 $aProcacci, Silvana.$0(OLS)http://semarc/name/76945 700 1 $aGalleni, Ludovico.$0(OLS)http://semarc/name/90816 830 0$aAttrezzi per il dialogo ;$v2.$0(OLS)http://semarc/title/400756 850 $aSeMil 852 $aSeMil$W1$xVenegono$y1$m2K VII 66$j206437$B206437$CSeMilBibl$Z2$F219770 $81 961 $aOmaggio: Bressan don Luca 996 $6020$a978-88-6019-521-0$9(OLS)http://semarc/number/280291 996 $6245$aTheilhard de Chardin pensatore universale :$bun bilancio del cinquantenario (1955-2005) : atti del Convegno : Pisa, 1-2 dicembre 2006$9(OLS)http://semarc/title/412090 996 $6260$aGhezzano (PI) :$bFelici$9(OLS)http://semarc/publisher/55719